Guess the women soccer players - Statistics

General Stats
  • This quiz has been taken 2,176 times
  • The average score is 14 of 24
Answer Stats
Picture Answer % Correct
Sam Kerr
94%
Alex Morgan
88%
Beth Mead
85%
Megan Rapinoe
79%
Lucy Bronze
76%
Leah Williamson
75%
Millie Bright
75%
Mary Earps
74%
Katie McCabe
72%
Georgia Stanway
70%
Vivianne Miedema
69%
Keira Walsh
68%
Jordan Nobbs
64%
Maria ''Mapi'' Leon
64%
Caitlin Foord
60%
Alexandra Popp
53%
Christine Sinclair
44%
Lena Oberdorf
43%
Giovana Queiroz
40%
Magdalena Eriksson
40%
Ada Hegerberg
39%
Kelley O'Hara
32%
Christiane Endler
24%
Amandine Henry
19%
No matching quizzes found
Score Distribution
Percent of People with Each Score
Percentile by Number Answered
Your Score History
You have not taken this quiz